<?xml version="1.0" encoding="UTF-8"?><?xml-stylesheet type="text/xsl" href="static/style.xsl"?><OAI-PMH xmlns="http://www.openarchives.org/OAI/2.0/" xmlns:xsi="http://www.w3.org/2001/XMLSchema-instance" xsi:schemaLocation="http://www.openarchives.org/OAI/2.0/ http://www.openarchives.org/OAI/2.0/OAI-PMH.xsd"><responseDate>2026-06-02T00:26:42Z</responseDate><request verb="GetRecord" identifier="oai:riuma.uma.es:10630/7794" metadataPrefix="marc">https://riuma.uma.es/rest/oai/request</request><GetRecord><record><header><identifier>oai:riuma.uma.es:10630/7794</identifier><datestamp>2026-02-03T12:27:29Z</datestamp><setSpec>com_10630_2254</setSpec><setSpec>col_10630_37959</setSpec></header><metadata><record xmlns="http://www.loc.gov/MARC21/slim" xmlns:dcterms="http://purl.org/dc/terms/" xmlns:doc="http://www.lyncode.com/xoai" xmlns:xsi="http://www.w3.org/2001/XMLSchema-instance" xsi:schemaLocation="http://www.loc.gov/MARC21/slim http://www.loc.gov/standards/marcxml/schema/MARC21slim.xsd">
   <leader>00925njm 22002777a 4500</leader>
   <datafield ind2=" " ind1=" " tag="042">
      <subfield code="a">dc</subfield>
   </datafield>
   <datafield ind2=" " ind1=" " tag="720">
      <subfield code="a">Bárcena-Martín, Elena María</subfield>
      <subfield code="e">author</subfield>
   </datafield>
   <datafield ind2=" " ind1=" " tag="720">
      <subfield code="a">Blanco-Arana, María del Carmen</subfield>
      <subfield code="e">author</subfield>
   </datafield>
   <datafield ind2=" " ind1=" " tag="720">
      <subfield code="a">Pérez-Moreno, Salvador Jesús</subfield>
      <subfield code="e">author</subfield>
   </datafield>
   <datafield ind2=" " ind1=" " tag="260">
      <subfield code="c">2014-07-09</subfield>
   </datafield>
   <datafield ind2=" " ind1=" " tag="520">
      <subfield code="a">El presente trabajo se corresponde con dos investigaciones relacionadas con la infancia en situación de riesgo y vulnerabilidad. &#xd;
A) Examinamos la correspondencia entre las fluctuaciones económicas cíclicas y la evolución de la mortalidad infantil en los Países Menos Adelantados (PMA) durante el periodo 1990-2010, poniendo de manifiesto efectos asimétricos de las fluctuaciones económicas sobre la evolución de la mortalidad infantil en periodos de recesión y expansión económica.&#xd;
B) Valoramos en qué medida las diferencias en la tasa de pobreza infantil entre los países europeos pueden explicarse simultáneamente por características de los hogares (perspectiva micro) y por factores específicos de cada país (perspectiva macro), tales como prestaciones económicas en el ámbito de la protección a la infancia o situación socio-laboral general.</subfield>
   </datafield>
   <datafield ind1="8" ind2=" " tag="024">
      <subfield code="a">http://hdl.handle.net/10630/7794</subfield>
   </datafield>
   <datafield tag="653" ind2=" " ind1=" ">
      <subfield code="a">Pobreza</subfield>
   </datafield>
   <datafield tag="653" ind2=" " ind1=" ">
      <subfield code="a">Niños - Protección, asistencia, etc.</subfield>
   </datafield>
   <datafield ind2="0" ind1="0" tag="245">
      <subfield code="a">Impacto del ciclo económico sobre la evolución de la supervivencia infantil en el mundo en desarrollo. Determinantes de la pobreza infantil en Europa</subfield>
   </datafield>
</record>
</metadata></record></GetRecord></OAI-PMH>